Auswanderungen Chile - Statistiken

Allgemein
  • Dieses Quiz wurde 60 mal gespielt
  • Das Durchschnittsergebnis liegt bei 13 aus 15
Antwortstatistiken
Platz Land Anzahl % Korrekt
2. Vereinigte Staaten 138.969
100%
1. Argentinien 439.582
98%
8. Brasilien 26.039
98%
10. Deutschland 19.702
98%
5. Kanada 45.190
98%
7. Frankreich 30.325
96%
3. Spanien 106.060
96%
15. Mexiko 6.404
91%
13. Vereinigtes Königreich 9.000
87%
11. Italien 16.069
83%
14. Portugal 8.400
83%
6. Australien 37.608
81%
9. Venezuela 23.296
74%
4. Schweden 56.138
56%
12. Norwegen 10.083
50%
Keine übereinstimmenden Quizze gefunden
Verteilung der Resultate
Anzahl Personen mit jedem Resultat
Perzentil nach korrekt beantworteten Fragen
Ihre Resultats-Entwicklung
Sie haben dieses Quiz noch nicht gespielt